| Поле | Инд. | ПП | Название | Значение |
|---|---|---|---|---|
| Тип записи | a | |||
| Библиографический уровень | a | |||
| 001 | Контрольный номер | 35c71ce4929640c1bd2cef8786784d18 | ||
| 005 | Дата корректировки | 20190626105621.4 | ||
| 100 | a | Данные общей обработки | 20190626 ||| 0rusy0189 ca | |
| 101 | 0_ | a | Язык текста | rus |
| 102 | a | Страна публикации | RU | |
| 200 | 1_ | f | Первые сведения об ответственности | С.А. Татаринов |
| a | Заглавие | Конституционно-правовые коллизии в решениях Конституционного Суда Российской Федерации | ||
| b | Общее обозначение материала | Текст | ||
| 210 | 1_ | d | Дата издания | 2019 |
| 461 | _0 | 1 | 2000 | |
| a | Государственная власть и местное самоуправление | |||
| 463 | _0 | 1 | 2000 | |
| a | № 5 | |||
| v | С. 45-50 | |||
| 1 | 2101 | |||
| d | 2019 | |||
| 1 | 001201c715c557447b08c69addfb9478700 | |||
| 606 | a | Основная рубрика | Суд | |
| 610 | 0_ | a | Ключевые слова | КОНСТИТУЦИОННЫЙ СУД РФ |
| a | Ключевые слова | СУДЕБНОЕ РЕШЕНИЕ | ||
| a | Ключевые слова | КОЛЛИЗИИ | ||
| 700 | _1 | a | Фамилия | Татаринов |
| b | Имя | С.А. | ||
| 801 | _0 | a | Страна | RU |
| b | Организация | РГУП | ||
| c | Дата составления | 20190626 | ||
| g | Правила каталогизации | PSBO | ||
| 801 | _1 | a | Страна | RU |
| b | Организация | РГУП | ||
| c | Дата составления | 20190626 | ||
| g | Правила каталогизации | PSBO | ||
| 901 | t | Тип документа | b | |
| w | Контрольный № источника | 201c715c557447b08c69addfb9478700 | ||
| 905 | a | Дата ввода | 20190626 |